Memoria elevada al gobierno de S. M. (Record no. 121219)

MARC details
000 -LEADER
campo de control de longitud fija 00555nam a2200157 4500
001 - NÚMERO DE CONTROL
campo de control 121219
003 - IDENTIFICADOR DE NÚMERO DE CONTROL
campo de control ES-MaACL
005 - FECHA Y HORA DE LA ÚLTIMA TRANSACCIÓN
campo de control 20230906191719.0
007 - CAMPO FIJO DE DESCRIPCIÓN FÍSICA--INFORMACIÓN GENERAL
campo de control de longitud fija t|
008 - DATOS DE LONGITUD FIJA--INFORMACIÓN GENERAL
campo de control de longitud fija 070214s1924 sp r ||||1| spa d
100 1# - ENTRADA PRINCIPAL--NOMBRE DE PERSONA
Nombre de persona Ponte Escartín, Galo.
9 (RLIN) 93054
245 10 - MENCIÓN DEL TÍTULO
Título Memoria elevada al gobierno de S. M.
Resto del título : en la solemne apertura de los tribunales el día 15 de septiembre de 1924 /
Mención de responsabilidad, etc. por el fiscal del Tribunal Supremo Galo Ponte Escartín.
260 ## - PUBLICACIÓN, DISTRIBUCIÓN, ETC.
Lugar de publicación, distribución, etc. Madrid :
Nombre del editor, distribuidor, etc. Reus,
Fecha de publicación, distribución, etc. 1924.
300 ## - DESCRIPCIÓN FÍSICA
Extensión CLXVI, 62 p. ;
Dimensiones 23 cm.
852 ## - LOCALIZACIÓN
Ubicación ES-MaACL
Número de control de estantería F-4590
Sublocalización o colección R.4562
Holdings
Estatus retirado Estado de pérdida Estado de daño No para préstamo Biblioteca de origen Biblioteca actual Ubicación en estantería Fecha de adquisición Fuente de adquisición Total de préstamos Signatura topográfica completa Código de barras Visto por última vez Precio de reemplazo Tipo de ítem Koha
        Biblioteca del Ateneo de Madrid Biblioteca del Ateneo de Madrid Depósito 2 17/01/2008     F-4590 1126335 23/02/2023 23/02/2023 Libro impreso